Alle landen waar een I in zit. - Statistieken

Algemene statistieken
  • Deze quiz is 111 keer genomen
    66 sinds de laatste reset
  • De gemiddelde score is 105 van 128
Antwoordstatistieken
Antwoord % Correct
Afghanistan
100%
Algerije
100%
Argentinië
100%
Australië
100%
Brazilië
100%
Bulgarije
100%
China
100%
Ierland
100%
IJsland
100%
Indonesië
100%
Italië
100%
Ivoorkust
100%
Liechtenstein
100%
Niger
100%
Nigeria
100%
Pakistan
100%
Zuid-Afrika
100%
Armenië
91%
België
91%
Bolivia
91%
Bosnië en Herzegovina
91%
Chili
91%
Colombia
91%
Dominica
91%
Dominicaanse Republiek
91%
Fiji
91%
Filipijnen
91%
Finland
91%
Gambia
91%
Georgië
91%
Guinee
91%
Guinee-Bissau
91%
Haïti
91%
Hongarije
91%
India
91%
Irak
91%
Iran
91%
Israël
91%
Kirgizië
91%
Kiribati
91%
Kroatië
91%
Libië
91%
Mali
91%
Marshalleilanden
91%
Mongolië
91%
Namibië
91%
Nieuw-Zeeland
91%
San Marino
91%
Servië
91%
Slovenië
91%
Slowakije
91%
Somalië
91%
Suriname
91%
Tadzjikistan
91%
Tanzania
91%
Turkmenistan
91%
Verenigde Arabische Emiraten
91%
Vietnam
91%
Zambia
91%
Albanië
82%
Azerbeidzjan
82%
Belize
82%
Burkina Faso
82%
Centraal-Afrikaanse Republiek
82%
Ethiopië
82%
Griekenland
82%
Jamaica
82%
Jordanië
82%
Kenia
82%
Liberia
82%
Litouwen
82%
Malawi
82%
Mexico
82%
Moldavië
82%
Noord-Macedonië
82%
Oekraïne
82%
Oezbekistan
82%
Papoea-Nieuw-Guinea
82%
Roemenië
82%
Saint Kitts en Nevis
82%
Saint Lucia
82%
Saoedi-Arabië
82%
Sierra Leone
82%
Thailand
82%
Trinidad en Tobago
82%
Tsjechië
82%
Tunesië
82%
Turkije
82%
Vaticaanstad
82%
Zimbabwe
82%
Zuid-Soedan
82%
Zwitserland
82%
Burundi
73%
Costa Rica
73%
Duitsland
73%
Equatoriaal-Guinea
73%
Eritrea
73%
Libanon
73%
Micronesië
73%
Nicaragua
73%
Saint Vincent en de Grenadines
73%
Sri Lanka
73%
Verenigde Staten
73%
Verenigd Koninkrijk
73%
Zuid-Korea
73%
Bahrein
64%
Brunei
64%
Congo-Brazzaville
64%
Congo-Kinshasa
64%
Djibouti
64%
Frankrijk
64%
Koeweit
64%
Maleisië
64%
Mauritanië
64%
Mozambique
64%
Oost-Timor
64%
Salomonseilanden
64%
Singapore
64%
Antigua en Barbuda
55%
Eswatini
55%
Kaapverdië
55%
Malediven
55%
Mauritius
55%
Oostenrijk
55%
Syrië
55%
Wit-Rusland
55%
Benin
45%
Sao Tomé en Principe
45%
Geen overeenkomende quizzen gevonden
Scoreverdeling
Procent van Mensen met Elke Score
Percentiel versus Aantal Correcte Antwoorden
Uw Scoregeschiedenis
U heeft deze quiz nog niet genomen sinds de laatste reset